| 000 | 01051nam a2200265Ia 4500 | ||
|---|---|---|---|
| 003 | OSt | ||
| 005 | 20221005111359.0 | ||
| 006 | a|||||r|||| 00| 0 | ||
| 007 | ta | ||
| 008 | 221004b |||||||| |||| 00| 0 hin d | ||
| 020 |
_a8181431642 (hbk) _c750 |
||
| 024 | _a17630 | ||
| 037 |
_b522, 21/03/2015, Vani Prakashan _cTextual |
||
| 040 |
_aCRL _cCRL _bhin |
||
| 041 |
_2hin _ahin |
||
| 082 | _aY15.4, 152P4 | ||
| 100 | _aदुबे, लीला | ||
| 245 | 0 |
_aलिंगभाव का मानववैज्ञानिक अन्वेषण _b प्रतिच्छेदी क्षेत्र |
|
| 246 | _aLiangabhāv kā mānavavaijnyānik anveṣhaṇa: pratichchhedī kṣhetra | ||
| 260 |
_aनई दिल्ली _bवाणी प्रकाशन भारत _c2004 |
||
| 300 |
_a269पृ0 _ccm. |
||
| 650 | _aभारतीय-लोक साहित्य | ||
| 942 |
_hY15.4, 152P4 _cTEXL _2cc |
||
| 999 |
_c1021663 _d1021663 |
||